| 000 | 00975nac a22002291u 4500 | ||
|---|---|---|---|
| 008 | 100915t xxu||||| |||| 00| 0 eng d | ||
| 010 | _a94016272 | ||
| 020 | _a086612084X | ||
| 082 | 0 | 0 |
_a647.95068 _bCIC |
| 100 |
_aCichy, Ronald F. _919235 |
||
| 245 | 1 | 0 |
_aQuality Sanitation Management / _cRonald F. Cichy |
| 260 |
_aEast Lansing, Mich. : _bEducational Institute of the American Hotel & Motel Association, _cc1994. |
||
| 300 |
_axx, 448 p. : _bill. ; _c27 cm. |
||
| 504 | _aIncludes bibliographical references and index. | ||
| 650 | 0 |
_aFood Service _xSanitation. _919236 |
|
| 650 | 0 |
_aFood service management _zUnited States. _919237 |
|
| 650 | 0 |
_aRestaurants _xSanitation. _919238 |
|
| 650 | 0 |
_aRisk management. _919239 |
|
| 710 | 2 |
_aDiversey Corp. _919240 |
|
| 942 |
_cBB _k647.95068 CIC _2ddc |
||
| 999 |
_c4441 _d4441 |
||